| 000 | 00758nam a22002297a 4500 | ||
|---|---|---|---|
| 005 | 20170124105931.0 | ||
| 010 | _aA-414724 | ||
| 020 |
_c00.00 _a8170620954 |
||
| 035 | _aA-414724 | ||
| 037 | _bCen Lib/Ret | ||
| 040 |
_aDPL _bEN |
||
| 082 |
_a230.1 _bBAK |
||
| 100 |
_aBakshi, G.D. _986455 |
||
| 245 |
_aMahabharata : _cby G.D. Bakshi _ba military analysis / |
||
| 260 |
_aDelhi _bLancer International _c1990 |
||
| 270 |
_aB-3 Gulmohar Park _bNew Delhi _e110049 |
||
| 300 |
_axxvi;97p. _c20cm _bill. |
||
| 500 | _aIncludes bibliographical references and index. | ||
| 650 |
_aMahābhārata -- Criticism, interpretation, etc. _986456 |
||
| 650 |
_aMilitary art and science in the Mahābhārata. _986457 |
||
| 942 |
_2ddc _cEN _h230.1 _mBAK |
||
| 999 |
_c123841 _d123841 |
||